The case of the violent virgin /

محفوظ في:
التفاصيل البيبلوغرافية
المؤلف الرئيسي: Avallone, Michael
التنسيق: كتاب
اللغة:English
منشور في: London : W. H. Allen, 1960.
LEADER 00715nam a2200193 a 4500
001 c000113881
003 CARM
005 19991222164355.0
008 980817s1960 enk 000 1 eng d
019 1 |a 14060522  |5 LACONCORD2021 
035 |a (OCoLC)30255255  |5 LACONCORD2021 
040 |a NSL:R  |b eng  |c NSL:R  |d NSL:R 
100 1 |a Avallone, Michael. 
245 1 4 |a The case of the violent virgin /  |c Michael Avallone. 
260 |a London :  |b W. H. Allen,  |c 1960. 
300 |a 184 p. ;  |c 19 cm. 
852 8 |b CARM  |h A2:AJ35G0  |i A02500  |p 0161903  |f BK 
999 f f |i 1d4d94de-3eb3-5860-b85f-1a1836f1a68d  |s 952e4bdc-15f8-5f93-90f6-6bfa9308b502 
952 f f |p Can circulate  |a CAVAL  |b CAVAL  |c CAVAL  |d CARM 1 Store  |e A02500  |f A2:AJ35G0  |h Other scheme  |i book  |m 0161903